Kuriálne dejiny v časoch urbárskej regulácie Márie Terézie

Bibliographic Details
Main Author: Špiesz, Anton, 1930-1993 (Author)
Format: Article
Language:Slovak
Subjects:

MARC

LEADER 00000nab a2200000 a 4500
001 vtls000919667
003 SK-MaSNL
005 20260304182934.0
008 140228e19930000xo 0 slo
035 |a KE28544 
040 |a KEVKJB  |b slo  |c KEVKJB  |e AACR2 
041 0 |a slo 
044 |a xo  |c SK 
080 |a 63  |2 1981 
080 |a 943.76  |2 1981 
080 |a 332.021.8  |2 1981 
100 1 |a Špiesz, Anton,  |d 1930-1993  |4 aut  |9 92178 
245 1 0 |a Kuriálne dejiny v časoch urbárskej regulácie Márie Terézie 
650 0 7 |a župy  |2 KEVKJB  |9 30635 
650 0 7 |a pozemkové reformy  |2 KEVKJB  |9 81027 
650 0 7 |a urbárske regulácie  |2 KEVKJB  |9 1514397 
650 0 7 |a pôda  |2 KEVKJB  |9 1159 
651 7 |a Slovensko  |x dejiny  |2 KEVKJB  |9 13278 
651 7 |a Abov (Slovensko : región)  |2 KEVKJB  |9 39074 
651 7 |a Spiš (Slovensko : región)  |2 KEVKJB  |9 17692 
651 7 |a Šariš (Slovensko : región)  |2 KEVKJB  |9 87465 
651 7 |a Zemplín (Slovensko : región)  |2 KEVKJB  |9 16697 
773 0 8 |t Historický časopis  |g Roč. 41 
852 |a ZVYKNI  |b KIS3GCP 
999 |c 3032011  |d 3033941